[Event "Airthings Masters - Torneo Preliminare"]
[Site "Internet"]
[Date "03.02.2023"]
[Round "1"]
[White "Alekseenko, Kirill"]
[Black "Iskusnyh, Sergei"]
[Result "1-0"]
[WhiteTitle ""]
[BlackTitle ""]
[WhiteElo "2686"]
[BlackElo "2443"]
[WhiteFideId "4135539"]
[BlackFideId "4120027"]
[EventDate "2023.02.03"]

1. e4 e6 2. d4 d5 3. Nd2 c5 4. exd5 Qxd5 5. dxc5 Nf6 6. Ngf3 Qxc5 7. Bd3 Nbd7 8.
O-O Qc7 9. a4 Nc5 10. Bc4 Be7 11. a5 O-O 12. Qe2 Bd7 13. Ne5 Rad8 14. Nxd7 Ncxd7
15. Nf3 Bd6 16. c3 Bf4 17. Bxf4 Qxf4 18. g3 Qc7 19. Bd3 g6 20. Bc2 Nb8 21. h4
Rd5 22. Ng5 Rxa5 23. Rxa5 Qxa5 24. Qf3 Nbd7 25. Rd1 Qc7 26. Bb3 Qc6 27. Qf4 Qb6
28. Ba4 Nh5 29. Qf3 Nc5 30. Be8 Qc7 31. Bxf7+ Rxf7 32. Qxf7+ Qxf7 33. Nxf7 Kxf7
34. b4 Ne4 35. Rd7+ Kg8 36. c4 b6 37. Rxa7 Nhf6 38. Re7 1-0

[Event "Airthings Masters - Torneo Preliminare"]
[Site "Internet"]
[Date "03.02.2023"]
[Round "1"]
[White "Kravtsiv, Martyn"]
[Black "Jonkman, Harmen"]
[Result "1-0"]
[WhiteTitle ""]
[BlackTitle ""]
[WhiteElo "2598"]
[BlackElo "2328"]
[WhiteFideId "14113147"]
[BlackFideId "1002708"]
[EventDate "2023.02.03"]

1. e4 e5 2. Nf3 Nc6 3. Nc3 Bb4 4. Nd5 Ba5 5. Bc4 Nf6 6. Qe2 d6 7. O-O Bg4 8. c3
Nxd5 9. Bxd5 O-O 10. h3 Bh5 11. a4 a6 12. d3 Rb8 13. g4 Bg6 14. Bg5 Qd7 15. Nh4
Ne7 16. Ba2 Bb6 17. Nf5 Nc6 18. Qf3 h6 19. Bd2 Kh8 20. Kh2 f6 21. Qg3 Nd8 22. f4
exf4 23. Bxf4 Ne6 24. Bd2 Rbe8 25. a5 Ba7 26. Rae1 Bb8 27. Kh1 c6 28. Qg2 Ng5
29. h4 Nf7 30. d4 Bc7 31. b4 c5 32. Bd5 b6 33. g5 fxg5 34. hxg5 Bxf5 35. Rxf5
Nxg5 36. Rxg5 Bd8 37. Rg6 Qe7 38. Qh2 Rf3 39. Bxh6 Qh4 40. Bxg7+ Kh7 41. Rh6+
Kxg7 42. Rxh4 Bxh4 43. Qxh4 Rh8 44. Rg1+ 1-0

[Event "Airthings Masters - Torneo Preliminare"]
[Site "Internet"]
[Date "03.02.2023"]
[Round "1"]
[White "Svidler, Peter"]
[Black "Vasquez Schroeder, Rodrigo"]
[Result "0-1"]
[WhiteTitle ""]
[BlackTitle ""]
[WhiteElo "2683"]
[BlackElo "2513"]
[WhiteFideId "4102142"]
[BlackFideId "3400042"]
[EventDate "2023.02.03"]

1. e4 c5 2. Nf3 d6 3. d4 cxd4 4. Nxd4 Nf6 5. Nc3 a6 6. Nb3 Nc6 7. Be3 Ng4 8. Bd2
Nf6 9. Qe2 e5 10. O-O-O h6 11. Nd5 Be6 12. Be3 Bxd5 13. exd5 Nb4 14. c4 Nxa2+
15. Kb1 Nb4 16. f4 Qd7 17. Bd2 Qf5+ 18. Ka1 a5 19. c5 Qc2 20. Qb5+ Nd7 21. Rc1
Qxb3 22. Bc4 Nc2+ 23. Rxc2 Qxc2 24. c6 bxc6 25. dxc6 Nc5 26. c7+ Ke7 27. fxe5
Qa4+ 28. Qxa4 Nxa4 29. Bd5 Rc8 30. Bxa5 Nc5 31. b4 Ne6 32. Rc1 dxe5 33. Bb7 Kd7
34. b5 Bc5 35. b6 Ra8 36. Bxa8 Rxa8 0-1

[Event "Airthings Masters - Torneo Preliminare"]
[Site "Internet"]
[Date "03.02.2023"]
[Round "1"]
[White "Antipov, Mikhail Al."]
[Black "Blomqvist, Erik"]
[Result "1-0"]
[WhiteTitle ""]
[BlackTitle ""]
[WhiteElo "2581"]
[BlackElo "2510"]
[WhiteFideId "4107012"]
[BlackFideId "1709437"]
[EventDate "2023.02.03"]

1. e4 c5 2. Nf3 d6 3. d4 cxd4 4. Nxd4 Nf6 5. Nc3 g6 6. Be3 Nc6 7. f3 h5 8. Qd2
Nxd4 9. Bxd4 Bh6 10. Be3 Bxe3 11. Qxe3 Be6 12. Bb5+ Kf8 13. O-O-O Qa5 14. Ba4
Rc8 15. Rd4 Kg7 16. Kb1 Rc7 17. Rc1 Rhc8 18. Bb3 Bxb3 19. axb3 b5 20. Nd5 Nxd5
21. exd5 Qb6 22. c3 b4 23. c4 e5 24. dxe6 Re8 25. Re4 Qxe3 26. Rxe3 Rxe6 27.
Rxe6 fxe6 28. Rd1 Rc6 29. Kc2 a5 30. Kd3 Kf6 31. Kd4 g5 32. g3 Rc5 33. Ke3 Re5+
34. Kf2 Ke7 35. f4 gxf4 36. gxf4 Rf5 37. Ke3 d5 38. cxd5 exd5 39. Rg1 d4+ 40.
Ke4 Rc5 41. Rg2 Kf6 42. Kxd4 Rc1 43. Kd3 h4 44. Rg4 h3 45. Rh4 Kf5 46. Rxh3 Kxf4
47. Rh5 Ra1 48. Rd5 Kg4 49. Kc2 Kh3 50. Rd1 Rxd1 51. Kxd1 Kxh2 52. Ke2 Kg2 53.
Kd3 Kf1 54. Kc4 Ke2 55. Kb5 Kd3 56. Kxa5 Kc2 57. Kxb4 Kxb2 58. Kc4 1-0

[Event "Airthings Masters - Torneo Preliminare"]
[Site "Internet"]
[Date "03.02.2023"]
[Round "1"]
[White "Praggnanandhaa, R"]
[Black "Petrosyan, Manuel"]
[Result "1-0"]
[WhiteTitle ""]
[BlackTitle ""]
[WhiteElo "2690"]
[BlackElo "2634"]
[WhiteFideId "25059530"]
[BlackFideId "13300857"]
[EventDate "2023.02.03"]

1. e4 e5 2. Nf3 Nc6 3. Bb5 a6 4. Ba4 Nf6 5. O-O Be7 6. Re1 b5 7. Bb3 O-O 8. d3
d6 9. Bd2 h6 10. h3 Re8 11. a3 Bf8 12. Nc3 Na5 13. Ba2 c5 14. Nd5 Nc6 15. Nxf6+
Qxf6 16. Bd5 Bd7 17. Nh2 Qg6 18. Re3 Rac8 19. Rg3 Qh7 20. Ng4 Bxg4 21. hxg4 Be7
22. c3 Qg6 23. Qf3 Bg5 24. Bxg5 hxg5 25. Rh3 Nd8 26. g3 Ne6 27. Kg2 Kf8 28. Rah1
Ke7 29. Rh7 Qf6 30. Qe3 g6 31. b4 Rf8 32. Qd2 Rh8 33. bxc5 dxc5 34. Bxe6 Kxe6
35. Qa2+ Ke7 36. Rxh8 Rxh8 37. Rxh8 Qxh8 38. Qd5 c4 39. dxc4 bxc4 40. Qb7+ Kf6
41. Qxa6+ Kg7 42. Qxc4 Qa8 43. a4 Qa5 44. Qb4 Qa8 45. a5 Kh6 46. Kg1 Qd8 47. a6
Qd1+ 48. Kg2 Qd7 1-0

[Event "Airthings Masters - Torneo Preliminare"]
[Site "Internet"]
[Date "03.02.2023"]
[Round "1"]
[White "Pichot, Alan"]
[Black "Pakleza, Zbigniew"]
[Result "1-0"]
[WhiteTitle ""]
[BlackTitle ""]
[WhiteElo "2638"]
[BlackElo "2496"]
[WhiteFideId "110973"]
[BlackFideId "1119290"]
[EventDate "2023.02.03"]

1. e4 d6 2. d4 Nf6 3. Nc3 c6 4. Nf3 Bg4 5. Be2 e6 6. Ng1 Bxe2 7. Ngxe2 d5 8. e5
Nfd7 9. Be3 c5 10. f4 Nc6 11. Qd2 g6 12. O-O Be7 13. a3 Rc8 14. Kh1 h5 15. Rad1
a6 16. Qe1 Qc7 17. Qf2 cxd4 18. Nxd4 Nxd4 19. Bxd4 Bc5 20. Ne2 Qb6 21. Rd3 Bxd4
22. Nxd4 Nc5 23. Nb3 Na4 24. Qxb6 Nxb6 25. Nd4 Na4 26. Rb1 Nc5 27. Re3 Ne4 28.
g3 h4 29. Kg2 hxg3 30. hxg3 Kd7 31. c3 Rh5 32. Rh1 Rxh1 33. Kxh1 Rh8+ 34. Kg2
Kc7 35. c4 Nd2 36. cxd5 exd5 37. e6 Nc4 38. Rc3 Kd6 39. exf7 Rf8 40. f5 g5 41.
g4 Rxf7 42. Ne6 Nxb2 43. Kg3 Nc4 44. Nxg5 Rg7 45. Kf4 b5 46. f6 Rg8 47. Nf3 a5
48. g5 b4 49. axb4 axb4 50. Rb3 Kc5 51. f7 Rc8 52. g6 Nd6 53. Ne5 d4 54. Nd7+
Kc4 55. Nb6+ Kxb3 56. Nxc8 d3 57. Nxd6 d2 58. f8=Q d1=Q 59. Qf7+ Ka3 60. Nc4+
Ka2 61. Ne3+ Qb3 62. Qxb3+ Kxb3 63. g7 Ka2 64. g8=Q+ b3 65. Qc4 Ka1 66. Qa4+ Kb2
67. Nc4+ Kc3 68. Nd2 Kb2 69. Qxb3+ Ka1 70. Qa3# 1-0

[Event "Airthings Masters - Torneo Preliminare"]
[Site "Internet"]
[Date "03.02.2023"]
[Round "1"]
[White "Grischuk, Alexander"]
[Black "Azarov, Sergei"]
[Result "1-0"]
[WhiteTitle ""]
[BlackTitle ""]
[WhiteElo "2745"]
[BlackElo "2559"]
[WhiteFideId "4126025"]
[BlackFideId "13501470"]
[EventDate "2023.02.03"]

1. d4 Nf6 2. Nf3 e6 3. Bg5 d5 4. Nbd2 c5 5. e3 Nc6 6. c3 Be7 7. Bd3 h6 8. Bf4 b6
9. Ne5 Nxe5 10. Bxe5 O-O 11. O-O Bb7 12. Qf3 Bd6 13. Qg3 Bxe5 14. dxe5 Nd7 15.
f4 f5 16. Qh3 c4 17. Bc2 Nc5 18. Nf3 Qe7 19. Nd4 Kh7 20. g4 g6 21. Rf2 Nd3 22.
Rg2 Rf7 23. Bxd3 cxd3 24. Rd1 Ba6 25. Qg3 Rg8 26. gxf5 exf5 27. h4 Rfg7 28. Qh3
Bc4 29. Kh2 a5 30. h5 gxh5 31. Qxf5+ Kh8 32. Rxg7 Qxg7 33. Qh3 d2 34. Nf5 Qg6
35. Ne7 Qd3 36. Qxh5 Rg7 37. Nf5 1-0

[Event "Airthings Masters - Torneo Preliminare"]
[Site "Internet"]
[Date "03.02.2023"]
[Round "1"]
[White "Grover, Sahaj"]
[Black "Dreev, Aleksey"]
[Result "1/2-1/2"]
[WhiteTitle ""]
[BlackTitle ""]
[WhiteElo "2509"]
[BlackElo "2606"]
[WhiteFideId "5021103"]
[BlackFideId "4100107"]
[EventDate "2023.02.03"]

1. e4 c6 2. d4 d5 3. e5 c5 4. dxc5 e6 5. a3 Bxc5 6. Nf3 Nc6 7. Bd3 f6 8. b4 Be7
9. Bb2 Nh6 10. O-O O-O 11. c4 fxe5 12. Nxe5 Bf6 13. Qe2 Qc7 14. f4 Bxe5 15. fxe5
Rxf1+ 16. Kxf1 dxc4 17. Bxc4 Bd7 18. Nd2 Rf8+ 19. Kg1 Rf4 20. h3 Nf5 21. Nf3
Qb6+ 22. Kh2 Ncd4 23. Nxd4 Nxd4 24. Bxd4 Qxd4 25. Rd1 Qxc4 26. Qxc4 Rxc4 27.
Rxd7 Rc6 28. Rxb7 Ra6 29. Kg3 Rxa3+ 30. Kf4 a5 31. b5 a4 32. Ke4 Ra1 33. Ra7 Rb1
34. Rxa4 Rxb5 35. Ra7 Kf8 36. Rc7 Rb4+ 37. Ke3 Rb2 38. g3 Rb3+ 39. Kf4 Rb4+ 1/2-1/2

[Event "Airthings Masters - Torneo Preliminare"]
[Site "Internet"]
[Date "03.02.2023"]
[Round "1"]
[White "Durarbayli, Vasif"]
[Black "Sharapov, Evgeny"]
[Result "1-0"]
[WhiteTitle ""]
[BlackTitle ""]
[WhiteElo "2635"]
[BlackElo "2375"]
[WhiteFideId "13402935"]
[BlackFideId "14103133"]
[EventDate "2023.02.03"]

1. e4 c5 2. Nf3 d6 3. d4 cxd4 4. Nxd4 Nf6 5. Nc3 Nc6 6. Bg5 e6 7. Qd2 Be7 8.
O-O-O O-O 9. Nb3 Qb6 10. f3 Rd8 11. g4 d5 12. exd5 Nxd5 13. Bxe7 Ndxe7 14. Bd3
e5 15. Kb1 Be6 16. Na4 Qc7 17. Nac5 Bxb3 18. axb3 Nd4 19. Ne4 a5 20. Qc3 Qxc3
21. bxc3 Ndc6 22. Bc4 Rxd1+ 23. Rxd1 Rd8 24. Re1 h6 25. h4 Kf8 26. h5 b6 27. g5
Nf5 28. Bb5 Nce7 29. Kb2 Nd6 30. Rd1 Nc4+ 31. Kc1 Rxd1+ 32. Kxd1 Ne3+ 33. Kd2
N3d5 34. gxh6 gxh6 35. Bd7 Nf4 36. Ng3 Ng8 37. Bg4 Nf6 38. c4 Ke7 39. Nf5+ Kf8
40. Ng3 Ke7 41. Ke3 Kd8 42. c3 Kc7 43. Nf5 N4xh5 44. Nxh6 Nxg4+ 45. fxg4 Nf6 46.
g5 Nd7 47. Nxf7 Nc5 48. g6 Ne6 49. Ke4 Kd7 50. Kxe5 Ke7 51. Nh6 Nc5 52. g7 1-0

[Event "Airthings Masters - Torneo Preliminare"]
[Site "Internet"]
[Date "03.02.2023"]
[Round "1"]
[White "Mamedov, Rauf"]
[Black "Mitrabha, Guha"]
[Result "0-1"]
[WhiteTitle ""]
[BlackTitle ""]
[WhiteElo "2646"]
[BlackElo "2510"]
[WhiteFideId "13401653"]
[BlackFideId "5057000"]
[EventDate "2023.02.03"]

1. e4 c6 2. Nf3 d5 3. e5 Bg4 4. Be2 e6 5. O-O Nd7 6. d4 Ne7 7. Nbd2 c5 8. c4
dxc4 9. Nxc4 Nd5 10. Ng5 Bxe2 11. Qxe2 N7b6 12. Nxb6 axb6 13. Qb5+ Qd7 14. Qxd7+
Kxd7 15. Nxf7 Rg8 16. dxc5 bxc5 17. Ng5 h6 18. Ne4 Be7 19. Bd2 b5 20. Rfc1 Rgc8
21. f3 Ra6 22. Kf2 c4 23. Ke2 b4 24. g3 Rac6 25. Be1 Ra6 26. f4 g5 27. Kf3 Rac6
28. Rd1 gxf4 29. gxf4 c3 30. bxc3 bxc3 31. Rac1 c2 32. Rd3 Ke8 33. f5 exf5 34.
Ng3 Bg5 35. Rxc2 Rxc2 36. Rxd5 Kf7 37. Rd6 R8c4 38. e6+ Ke8 39. Nh5 Ke7 40. Rb6
Re4 41. Bb4+ Kd8 42. a3 Re3# 0-1

[Event "Airthings Masters - Torneo Preliminare"]
[Site "Internet"]
[Date "03.02.2023"]
[Round "1"]
[White "Kamsky, Gata"]
[Black "Pranav, Anand"]
[Result "1/2-1/2"]
[WhiteTitle ""]
[BlackTitle ""]
[WhiteElo "2664"]
[BlackElo "2525"]
[WhiteFideId "2000024"]
[BlackFideId "46626786"]
[EventDate "2023.02.03"]

1. d4 Nf6 2. Bf4 e6 3. e3 d5 4. Nf3 c5 5. c3 Nc6 6. Nbd2 Nh5 7. Bg5 f6 8. Bh4 g6
9. Bd3 cxd4 10. cxd4 Be7 11. a3 O-O 12. O-O Ng7 13. Bg3 Bd6 14. b4 a6 15. Nb3
Bxg3 16. hxg3 e5 17. dxe5 fxe5 18. Be2 e4 19. Nfd4 Ne5 20. Rc1 h5 21. Rc3 Bg4
22. f3 exf3 23. Nxf3 Qd6 24. e4 Nxf3+ 25. Bxf3 Qxg3 26. exd5 Nf5 27. Qe1 Rae8
28. Qxg3 Nxg3 29. Rd1 Ne2+ 30. Bxe2 Rxe2 31. Rf1 Rd8 32. Nd4 Re7 33. Rc5 b6 34.
Nc6 Red7 35. Nxd8 bxc5 36. Nc6 cxb4 37. axb4 Kg7 38. Ne5 Rxd5 39. Nxg4 hxg4 40.
Kh2 Rd4 41. Ra1 Rxb4 42. Rxa6 Kh6 43. Kg3 Kh5 44. Ra5+ g5 45. Ra3 Re4 46. Rb3
Kg6 47. Ra3 1/2-1/2

[Event "Airthings Masters - Torneo Preliminare"]
[Site "Internet"]
[Date "03.02.2023"]
[Round "1"]
[White "Har-Zvi, Ronen"]
[Black "Paravyan, David"]
[Result "1-0"]
[WhiteTitle ""]
[BlackTitle ""]
[WhiteElo "2513"]
[BlackElo "2586"]
[WhiteFideId "2801485"]
[BlackFideId "4194985"]
[EventDate "2023.02.03"]

1. Nf3 Nf6 2. c4 c5 3. Nc3 Nc6 4. e3 e5 5. d4 e4 6. Ne5 h5 7. Be2 Bd6 8. f4 Bc7
9. O-O cxd4 10. exd4 d6 11. Nxc6 bxc6 12. f5 d5 13. Bf4 Bxf4 14. Rxf4 Qd6 15.
Qd2 Rb8 16. Raf1 Qb4 17. b3 h4 18. Qe1 h3 19. g4 Nh7 20. cxd5 cxd5 21. Qg3 Qxd4+
22. Kh1 O-O 23. Rd1 Qc5 24. Nxd5 Bb7 25. Qe3 Qxe3 26. Nxe3 Rfd8 27. Rff1 Ng5 28.
Kg1 a5 29. Kf2 Bc6 30. Rxd8+ Rxd8 31. Rc1 Be8 32. Rd1 Rb8 33. Nd5 Kf8 34. Ke3
Bc6 35. Nc3 f6 36. Rd6 Rc8 37. Ba6 Ke7 38. Rd4 Rb8 39. Bc4 Nf3 40. Rd1 Nxh2 41.
Kf4 Nf3 42. Nxe4 Bxe4 43. Kxe4 1-0

[Event "Airthings Masters - Torneo Preliminare"]
[Site "Internet"]
[Date "03.02.2023"]
[Round "1"]
[White "Jacobson, Brandon"]
[Black "Lenderman, Aleksandr"]
[Result "0-1"]
[WhiteTitle ""]
[BlackTitle ""]
[WhiteElo "2543"]
[BlackElo "2572"]
[WhiteFideId "30901561"]
[BlackFideId "2021285"]
[EventDate "2023.02.03"]

1. Nf3 d5 2. e3 Nf6 3. c4 e6 4. Nc3 Bd6 5. b3 O-O 6. Bb2 a6 7. g3 b6 8. cxd5
exd5 9. Bg2 Bb7 10. O-O Nbd7 11. Rc1 Re8 12. Re1 Nc5 13. d3 Bf8 14. Re2 g6 15.
Rec2 Ne6 16. Ne2 Bg7 17. Ned4 Nxd4 18. Bxd4 c5 19. Bxf6 Bxf6 20. d4 Be7 21. Ne1
cxd4 22. Qxd4 Bc5 23. Qd2 Qe7 24. Nd3 Ba3 25. Rd1 Rad8 26. Nf4 d4 27. exd4 Bd6
28. d5 Qf6 29. h4 Rd7 30. Bf3 Red8 31. Bg4 Bxf4 32. Qxf4 Qxf4 33. gxf4 f5 34.
Be2 b5 35. a4 bxa4 36. bxa4 Kf8 37. Rc5 Bxd5 38. Bxa6 Be4 39. Rxd7 Rxd7 40. Rc1
Rd4 41. Bb5 Bd5 42. a5 Rxf4 43. a6 Rxh4 44. Rc8+ Kg7 45. Kf1 Bf3 46. Ke1 Rd4 47.
Rc1 h5 48. a7 h4 49. Ra1 h3 50. a8=Q Bxa8 51. Rxa8 h2 52. Bc6 Re4+ 53. Bxe4 fxe4
54. Ra7+ Kh6 0-1

[Event "Airthings Masters - Torneo Preliminare"]
[Site "Internet"]
[Date "03.02.2023"]
[Round "1"]
[White "Murzin, Volodar"]
[Black "Ter-Sahakyan, Samvel"]
[Result "1/2-1/2"]
[WhiteTitle ""]
[BlackTitle ""]
[WhiteElo "2547"]
[BlackElo "2616"]
[WhiteFideId "44155573"]
[BlackFideId "13302531"]
[EventDate "2023.02.03"]

1. e4 c5 2. Nf3 d6 3. d4 cxd4 4. Qxd4 Nc6 5. Qe3 g6 6. Be2 Bg7 7. O-O Nf6 8. Rd1
O-O 9. Nc3 Nb4 10. Ne1 Be6 11. a3 Nc6 12. Nf3 Ng4 13. Qf4 Rc8 14. Qg3 Nge5 15.
Nxe5 Nxe5 16. Be3 Bc4 17. Bd3 Nxd3 18. cxd3 Bb3 19. Rdc1 d5 20. exd5 Bxd5 21.
Bxa7 Be6 22. Qe3 Bf5 23. d4 Re8 24. Bc5 b6 25. Bb4 Qxd4 26. Rd1 Qxe3 27. fxe3 e6
28. Rd2 g5 29. Nb5 Rc2 30. Rxc2 Bxc2 31. Rc1 Bd3 32. Nd4 Be4 33. Rc7 h5 34. Kf2
Be5 35. Rc1 h4 36. h3 Kg7 37. Bc3 Kg6 38. Nf3 Bg3+ 39. Kf1 e5 40. Rd1 Re6 41.
Rd8 f6 42. Nd2 Bc6 43. Kg1 Be1 44. Nb1 Be4 45. Bxe1 Bxb1 46. Kf2 Be4 47. g3
hxg3+ 48. Kxg3 Rc6 49. Bc3 Bf5 50. h4 gxh4+ 51. Kxh4 Be6 52. Kg3 Kf5 53. Kf3 Bc4
54. e4+ Ke6 55. Ke3 Rd6 56. Rxd6+ Kxd6 57. Bb4+ Ke6 58. Be1 Ba6 59. a4 Bb7 60.
Kd3 Ba6+ 61. Kc3 Kd6 62. Bf2 Bb7 63. Kd3 Ba6+ 64. Ke3 Bc8 65. Kf3 Kc6 66. Bh4 f5
67. Bf6 fxe4+ 68. Kxe4 Be6 69. Bxe5 Bb3 70. Kd4 Bxa4 71. Kc3 Bd1 72. Kb4 Bf3 73.
Bc3 b5 74. Be1 Bg2 75. Bf2 Bf3 76. Ka5 Bg2 77. b4 Bf3 78. Bb6 Be4 79. Bc5 Bd5 1/2-1/2

[Event "Airthings Masters - Torneo Preliminare"]
[Site "Internet"]
[Date "03.02.2023"]
[Round "1"]
[White "Rasulov, Vugar"]
[Black "Caruana, Fabiano"]
[Result "0-1"]
[WhiteTitle ""]
[BlackTitle ""]
[WhiteElo "2516"]
[BlackElo "2766"]
[WhiteFideId "13402390"]
[BlackFideId "2020009"]
[EventDate "2023.02.03"]

1. e4 c5 2. Nf3 Nc6 3. c3 Nf6 4. e5 Nd5 5. d4 cxd4 6. cxd4 d6 7. Bc4 dxe5 8.
dxe5 Ndb4 9. O-O Qxd1 10. Rxd1 Bg4 11. e6 fxe6 12. Nc3 a6 13. a3 Nc2 14. Ra2 g6
15. Ne4 b5 16. Be2 Bg7 17. Nc5 Rc8 18. b4 Bxf3 19. Bxf3 N2d4 20. Bg4 Kf7 21.
Rad2 Nf5 22. Nxa6 Ne5 23. Be2 Bh6 24. Bb2 Bxd2 25. Bxe5 Rhd8 26. Bxb5 Rd5 27.
Nc5 Rxe5 28. Rxd2 Re1+ 29. Bf1 Ra1 30. a4 Rb1 31. Nd3 Rc3 32. g3 Ra3 33. Kg2
Rxa4 34. Be2 Kf6 35. h4 Nd6 36. Bg4 h5 37. Bxe6 Raa1 38. Bd5 e5 39. Nc5 Rg1+ 40.
Kh2 Rgd1 41. Rxd1 Rxd1 42. Bb3 Rd2 43. Kg2 e4 44. Kf1 Rb2 45. Ke1 Ke5 46. Bg8
Rxb4 47. Bh7 Kf6 48. Bg8 Rb5 49. Nd7+ Ke7 0-1

[Event "Airthings Masters - Torneo Preliminare"]
[Site "Internet"]
[Date "03.02.2023"]
[Round "1"]
[White "Raja, Harshit"]
[Black "Grandelius, Nils"]
[Result "1/2-1/2"]
[WhiteTitle ""]
[BlackTitle ""]
[WhiteElo "2465"]
[BlackElo "2660"]
[WhiteFideId "5089000"]
[BlackFideId "1710400"]
[EventDate "2023.02.03"]

1. e4 c5 2. Nf3 d6 3. d4 cxd4 4. Nxd4 Nf6 5. Nc3 a6 6. Bg5 e6 7. Qe2 h6 8. Bd2
Qb6 9. Nb3 Qc7 10. g4 b5 11. Bg2 Bb7 12. h4 b4 13. Nd1 d5 14. exd5 Nxd5 15. Be4
Nd7 16. c4 N5f6 17. Bxb7 Qxb7 18. Rg1 Qe4 19. f3 Qxe2+ 20. Kxe2 Ne5 21. Na5
O-O-O 22. Be3 Bd6 23. g5 hxg5 24. hxg5 Rh2+ 25. Nf2 Nh5 26. Rad1 Bc7 27. Rxd8+
Kxd8 28. f4 Ng6 29. Nc6+ Kd7 30. Nxb4 Nhxf4+ 31. Kf3 Nh4+ 32. Ke4 Ne2 33. Rd1+
Kc8 34. Nxa6 Ng3+ 35. Kd3 Be5 36. Ng4 Rxb2 37. Nxe5 Rxa2 38. Bf4 Rxa6 39. Bxg3
Ra3+ 40. Kd4 Rxg3 41. Nxf7 Kd7 42. c5 Ke7 43. Ne5 Nf3+ 44. Nxf3 Rxf3 45. Ra1
Rf4+ 46. Kd3 Rf5 47. Ra7+ Kd8 48. Rxg7 Rxc5 49. Kd4 Rf5 50. Ke4 Ke8 51. g6 Kf8
52. Rb7 Kg8 1/2-1/2

[Event "Airthings Masters - Torneo Preliminare"]
[Site "Internet"]
[Date "03.02.2023"]
[Round "1"]
[White "Matinian, Nikita"]
[Black "Oparin, Grigoriy"]
[Result "0-1"]
[WhiteTitle ""]
[BlackTitle ""]
[WhiteElo "2407"]
[BlackElo "2667"]
[WhiteFideId "24129100"]
[BlackFideId "24125890"]
[EventDate "2023.02.03"]

1. e4 e5 2. Nf3 Nc6 3. Bb5 Nge7 4. Nc3 Ng6 5. h4 Nd4 6. h5 Nf4 7. g3 Nfe6 8.
Nxe5 Nxb5 9. Nxb5 d5 10. d4 f6 11. Ng4 dxe4 12. Be3 c6 13. Nc3 Bb4 14. a3 Bxc3+
15. bxc3 O-O 16. h6 g5 17. c4 Nc7 18. Qe2 Be6 19. d5 cxd5 20. Bd4 Bxg4 21. Qxg4
dxc4 22. O-O-O Qe7 23. Rhe1 f5 24. Qe2 b5 25. Qd2 Rad8 26. Qa5 Rd7 27. Bb2 Nd5
28. Qxb5 c3 29. Bxc3 Qe6 30. Bb2 Rfd8 31. Qc4 Kf7 32. Qd4 Kg6 33. Rh1 Nb6 34.
Qc3 Na4 35. Qb4 Nxb2 36. Rxd7 Rxd7 37. Qxb2 Qd6 38. Qc3 Rc7 39. Qa5 Qc6 40. Qd2
Qc5 41. Kb2 Rb7+ 42. Ka2 Qc4+ 43. Ka1 Qc5 44. Ka2 Qc4+ 45. Ka1 Qe6 46. c3 Qe7
47. Ka2 Qe6+ 48. Ka1 Rb3 49. Qa2 Qc4 50. Rc1 Qa4 51. Qd2 Qxa3+ 0-1

[Event "Airthings Masters - Torneo Preliminare"]
[Site "Internet"]
[Date "03.02.2023"]
[Round "1"]
[White "Sjugirov, Sanan"]
[Black "Sevian, Samuel"]
[Result "0-1"]
[WhiteTitle ""]
[BlackTitle ""]
[WhiteElo "2712"]
[BlackElo "2687"]
[WhiteFideId "4189302"]
[BlackFideId "2040506"]
[EventDate "2023.02.03"]

1. e4 e5 2. Nf3 Nc6 3. Bb5 a6 4. Ba4 Nf6 5. O-O Be7 6. d3 d6 7. c4 Bg4 8. h3
Bxf3 9. Qxf3 Nd7 10. Be3 O-O 11. Qg4 Nc5 12. Bxc5 dxc5 13. Bxc6 bxc6 14. Qe2 Rb8
15. Nc3 Qd4 16. Rad1 g6 17. Rfe1 Bh4 18. Rd2 Bg5 19. Rc2 Rbd8 20. Rd1 h5 21. Qf3
Kg7 22. Kh1 Qd7 23. Qe2 Rfe8 24. Qe1 Re6 25. Ne2 Rf6 26. Ng1 Rb8 27. Qe2 Re6 28.
Rc3 Bh6 29. Rb3 Rb6 30. Nf3 Kg8 31. Kg1 Re8 32. Qc2 Qd6 33. Qc3 Bg7 34. Qa5 Reb8
35. Rxb6 Rxb6 36. b3 Bf8 37. Qc3 Bg7 38. g3 f5 39. Qe1 Rb8 40. Qe2 Rf8 41. Kg2
f4 42. Nh2 Qd7 43. g4 f3+ 44. Nxf3 hxg4 45. Ng1 gxh3+ 46. Nxh3 Bh6 47. Rh1 Kg7
48. Ng1 Bg5 49. Rh3 Rf4 50. Nf3 Rg4+ 51. Rg3 Bf4 52. Rxg4 Qxg4+ 53. Kf1 Qh3+ 54.
Kg1 g5 55. Qd1 g4 0-1

[Event "Airthings Masters - Torneo Preliminare"]
[Site "Internet"]
[Date "03.02.2023"]
[Round "1"]
[White "Jobava, Baadur"]
[Black "Sankalp, Gupta"]
[Result "1-0"]
[WhiteTitle ""]
[BlackTitle ""]
[WhiteElo "2578"]
[BlackElo "2504"]
[WhiteFideId "13601520"]
[BlackFideId "5097010"]
[EventDate "2023.02.03"]

1. e4 e5 2. Nf3 Nf6 3. d3 Nc6 4. c3 d5 5. Qc2 a5 6. a4 Bd6 7. Be2 O-O 8. O-O h6
9. Re1 Be6 10. Na3 dxe4 11. dxe4 Bc5 12. h3 Qe7 13. Nb5 Rfd8 14. Bf1 Nh5 15. Be3
Bxe3 16. Rxe3 Nf4 17. Ree1 Rd7 18. Rad1 Rad8 19. Rxd7 Qxd7 20. Kh2 f6 21. Kg1
Kh7 22. Na3 Qf7 23. Nd2 Ne7 24. Nac4 b6 25. Ne3 Neg6 26. Nf5 Qd7 27. Nf3 Nf8 28.
g3 N4g6 29. h4 Qf7 30. Nd2 Ne7 31. Ne3 Nc8 32. Rd1 Qg6 33. Be2 Rd7 34. Ndc4 Qf7
35. b4 axb4 36. cxb4 Qe7 37. Nd5 Qd8 38. Nce3 Na7 39. b5 Bf7 40. Bg4 Be6 41. Rc1
Bxg4 42. Nxg4 Ne6 43. Qd2 Rf7 44. Kg2 Nd4 45. Rc4 c6 46. bxc6 Naxc6 47. h5 Ne7
48. Ndxf6+ Rxf6 49. Nxf6+ gxf6 50. Qc1 Qa8 51. Qb1 Kg7 52. Rc7 Kf7 53. f3 Qa5
54. Qa2+ Ne6 55. Rb7 Qb4 56. Kh3 Qc5 57. Qb3 1-0

[Event "Airthings Masters - Torneo Preliminare"]
[Site "Internet"]
[Date "03.02.2023"]
[Round "1"]
[White "Salem, A.R. Saleh"]
[Black "Tang, Andrew"]
[Result "1-0"]
[WhiteTitle ""]
[BlackTitle ""]
[WhiteElo "2677"]
[BlackElo "2522"]
[WhiteFideId "9301348"]
[BlackFideId "2059630"]
[EventDate "2023.02.03"]

1. d4 d5 2. c4 e6 3. Nc3 Be7 4. cxd5 exd5 5. Bf4 c6 6. e3 Bf5 7. Bd3 Bxd3 8.
Qxd3 Nf6 9. Nf3 Nh5 10. O-O Nd7 11. Rfe1 O-O 12. h3 Nxf4 13. exf4 Re8 14. g3 Nf6
15. Re3 Bb4 16. Ne5 Bxc3 17. bxc3 Ne4 18. c4 Re7 19. Rb1 Qa5 20. Rb2 f6 21. Nf3
Rae8 22. Rbe2 Kf7 23. cxd5 Qxd5 24. Ne5+ fxe5 25. Rxe4 exf4 26. Rxf4+ Kg8 27.
Rxe7 Rxe7 28. Qf3 Qxf3 29. Rxf3 Rd7 30. Rf4 h6 31. h4 Rd5 32. a3 g5 33. hxg5
hxg5 34. Re4 Kf7 35. Kg2 Ra5 36. Re3 Kf6 37. Rb3 b5 38. Rc3 Ra6 39. Kf3 Kf5 40.
Rc5+ Ke6 41. Ke4 Kd6 42. Rxg5 Rxa3 43. Rg6+ Kc7 44. f4 b4 45. f5 b3 46. Rg7+ Kd6
47. Rg6+ Kd7 48. Rg7+ Kd6 49. Rb7 Ra1 50. Rxb3 Re1+ 51. Re3 Rd1 52. g4 a5 53. g5
Rg1 54. Kf4 a4 55. Ra3 Kd5 56. g6 Rf1+ 57. Kg5 Ke4 58. f6 Rf5+ 59. Kh6 Rxf6 60.
Rxa4 Rf4 61. d5+ 1-0